[Event "AUTO-INT-05"]
[Site "http://www.queenalice.com/game.php?id=9587"]
[Date "2005.4.12"]
[Round "1"]
[White "Ziller"]
[Black "PetterFrank"]
[Result "1-0"]
[WhiteElo "1447"]
[BlackElo "1150"]

1. e4 Nh6 2. d4 f5 3. Bxh6 Kf7 4. Bc4+ e6 5. Bf4 Bb4+ 6. c3 Ba5 7. exf5 d5 8.
Bd3 Qe8 9. Qe2 exf5 10. Be5 Nc6 11. Nf3 Ke7 12. O-O Kd8 13. Bxg7 Rg8 14. Bf6+
Ne7 15. Re1 Be6 16. Qxe6 Rf8 17. Bxe7+ 1-0

[Event "AUTO-INT-05"]
[Site "http://www.queenalice.com/game.php?id=9588"]
[Date "2005.4.12"]
[Round "1"]
[White "PetterFrank"]
[Black "ryanwilson"]
[Result "1/2-1/2"]
[WhiteElo "1186"]
[BlackElo "1352"]

1. e4 d6 2. Bb5+ c6 3. Ba4 Nf6 4. d3 e5 5. Nf3 Be7 6. Bb3 O-O 7. O-O Bg4 8. Be3
d5 9. h3 Bxf3 10. Qxf3 dxe4 11. dxe4 Re8 12. Rd1 Nbd7 13. Rd2 Qc7 14. Nc3 Bb4
15. Rad1 Bxc3 16. bxc3 Rad8 17. Bxa7 c5 18. Ba4 b6 19. Bxd7 Rxd7 20. Bxb6 Qxb6
21. Rxd7 Nxd7 22. Rxd7 Rd8 23. Rxf7 Qg6 24. Rf5 Qd6 25. h4 g6 26. Rf6 Qe7 27. h5
Rf8 28. Rxf8+ Qxf8 29. Qxf8+ Kxf8 30. hxg6 hxg6 31. a4 Ke8 32. Kh2 Kd7 33. g4 g5
34. Kg2 Kc6 35. f3 Kb6 36. f4 exf4 37. e5 Kc6 38. a5 Kd5 39. a6 Ke4 40. Kf2 Kxe5
41. a7 Kf6 42. a8=Q c4 43. Qe8 f3 44. Kxf3 Kg7 45. Ke4 Kf6 46. Kd4 Kg7 47. Kxc4
Kh6 48. Kd5 Kg7 49. Qe7+ Kg6 50. Ke5 Kh6 51. Kf6 1/2-1/2

[Event "AUTO-INT-05"]
[Site "http://www.queenalice.com/game.php?id=9589"]
[Date "2005.4.12"]
[Round "1"]
[White "ryanwilson"]
[Black "PetterFrank"]
[Result "1-0"]
[WhiteElo "1378"]
[BlackElo "1305"]

1. e4 e5 2. Nf3 d6 3. d4 Nf6 4. dxe5 Nxe4 5. Qe2 Bf5 6. Bf4 dxe5 7. Nxe5 Bb4+ 8.
c3 Qd6 9. Ng6 Qxg6 10. Qb5+ Nd7 11. Qxb7 Ke7 12. Qxb4+ c5 13. Qb3 Rab8 14. Bb5
Qxg2 15. Rf1 Bg4 16. Bd3 Rxb3 17. axb3 Nd6 18. Rxa7 Qd5 19. Kd2 Qxb3 20. f3
Qxb2+ 21. Bc2 Nb5 22. Rb7 Bh3 23. Re1+ Kf6 24. c4 Nd6 25. Rxb2 Nxc4+ 26. Kc3
Nxb2 27. Kxb2 g5 28. Bd6 Rc8 29. Bxh7 Rc6 30. Be7+ Kg7 31. Be4 Rb6+ 32. Kc1 c4
33. Bxg5 c3 34. Nxc3 f6 35. Bf4 Ra6 36. Rg1+ Kf7 37. Bd5+ Be6 38. Bxe6+ Kxe6 39.
h4 Ra1+ 40. Nb1 Kf5 41. Bd2 Ne5 42. h5 Nxf3 43. Rf1 Kg4 44. h6 Nh2 45. Rxf6 Nf3
46. h7 Ra8 47. Rg6+ Kf5 48. Rg8 Rxg8 49. hxg8=Q Ke4 50. Qe6+ Kd3 51. Qe3+ Kc4
52. Qxf3 Kd4 53. Qe3+ Kc4 54. Kc2 Kd5 55. Qf4 Kc5 56. Kb3 Kd5 57. Be3 1-0

[Event "AUTO-INT-05"]
[Site "http://www.queenalice.com/game.php?id=9590"]
[Date "2005.4.12"]
[Round "1"]
[White "PetterFrank"]
[Black "Se7eN"]
[Result "1-0"]
[WhiteElo "1167"]
[BlackElo "1342"]

1. d4 c6 2. e3 e6 3. Be2 Qa5+ 4. Kf1 Na6 5. Qe1 Qb5 6. Bxb5 cxb5 7. a3 Nf6 8. h3
Bd6 9. Nf3 O-O 10. Nc3 b6 11. Nxb5 Be7 12. Ne5 d6 13. Nc6 Bd8 14. Nxd6 Bc7 15.
Nxc8 Raxc8 16. Nxa7 Rb8 17. b4 Bd8 18. Qe2 Nc7 19. Nc6 Nfd5 20. Nxb8 Bf6 21. Nc6
Nc3 22. Qd2 N7d5 23. Bb2 Ne4 24. Qd3 Rc8 25. b5 Nd6 26. h4 Ra8 27. h5 Ra5 28. h6
g6 29. e4 Rxb5 30. exd5 Rxb2 31. dxe6 fxe6 32. Re1 Rb5 33. Rxe6 Rb1+ 34. Ke2
Rxh1 35. Rxf6 Rxh6 36. Rxd6 Rh4 37. Qf3 Kg7 38. Ne5 Rh6 39. Qf7+ Kh8 40. Rd8#
1-0

[Event "AUTO-INT-05"]
[Site "http://www.queenalice.com/game.php?id=9591"]
[Date "2005.4.12"]
[Round "1"]
[White "Se7eN"]
[Black "PetterFrank"]
[Result "1-0"]
[WhiteElo "1336"]
[BlackElo "1168"]

1. d4 d5 2. Nh3 e6 3. e3 Na6 4. b3 Qd7 5. a4 Bb4+ 6. Bd2 Nf6 7. c3 Bd6 8. Bb5 c6
9. Be2 h6 10. Nf4 g5 11. Nh5 Nxh5 12. Bxh5 g4 13. Qxg4 Rf8 14. Qg7 Qc7 15. Qxh6
Bxh2 16. Qh7 Bd6 17. Bc1 Qe7 18. Rh3 e5 19. e4 Bxh3 20. gxh3 exd4 21. Qg7 Qxe4+
22. Kf1 Qh4 23. Qg4 Qf6 24. Bg5 Qh8 25. Qe6+ Be7 26. Qxe7# 1-0

[Event "Tais Tolo"]
[Site "http://www.queenalice.com/game.php?id=9842"]
[Date "2005.4.15"]
[Round "-"]
[White "PetterFrank"]
[Black "MortalTiger"]
[Result "1-0"]
[WhiteElo "1158"]
[BlackElo "1016"]

1. d4 d5 2. e3 Nf6 3. Nc3 c6 4. Bd3 Bg4 5. f3 Bh5 6. Nh3 e6 7. O-O g6 8. Qe1 Bd6
9. Nf4 Qc7 10. a4 b5 11. axb5 Qb6 12. bxc6 Qxc6 13. Qh4 Be7 14. Bb5 Kf8 15. Bxc6
Nxc6 16. Ra4 g5 17. Qxg5 h6 18. Qh4 Bg6 19. Nxg6+ fxg6 20. Ra6 Ng8 21. Qf4+ Kg7
22. Rxc6 Rf8 23. Qe5+ Bf6 24. Qxe6 Ne7 25. Rc7 Re8 26. e4 g5 27. exd5 Bxd4+ 28.
Be3 Bf6 29. d6 Kg6 30. d7 Nf5 31. dxe8=Q+ Rxe8 32. Qxe8# 1-0

[Event "Challenge"]
[Site "http://www.queenalice.com/game.php?id=10213"]
[Date "2005.4.19"]
[Round "-"]
[White "alepitboe"]
[Black "PetterFrank"]
[Result "1-0"]
[WhiteElo "1481"]
[BlackElo "1190"]

1. e4 e5 2. f3 d6 3. a4 Nc6 4. a5 a6 5. c3 Nf6 6. b4 Rb8 7. Bc4 b6 8. axb6 Rxb6
9. b5 axb5 10. Bd3 Ba6 11. Qe2 Qc8 12. c4 Nb4 13. Nc3 bxc4 14. Bb1 g6 15. Ba3
Nd3+ 16. Bxd3 cxd3 17. Qd1 Qb8 18. Nh3 h6 19. f4 g5 20. fxe5 dxe5 21. Nd5 Nxd5
22. Bxf8 Kxf8 23. exd5 Qd8 24. Ra5 c6 25. Qa1 cxd5 26. Qa2 e4 27. O-O Ke8 28.
Rxd5 Rd6 29. Rxd6 Qxd6 30. Qxf7+ Kd8 31. Rf6 Qe7 32. Qd5+ Ke8 33. Re6 e3 34.
dxe3 d2 35. Rxa6 Qd7 36. Qe5+ Kd8 37. Ra8+ Qc8 38. Qxh8+ Kc7 39. Qxc8+ Kd6 40.
Nf2 Ke7 41. Ra6 h5 42. Qc7+ Kf8 43. Ra8# 1-0

[Event "Challenge"]
[Site "http://www.queenalice.com/game.php?id=10215"]
[Date "2005.4.19"]
[Round "-"]
[White "PetterFrank"]
[Black "Tibo"]
[Result "1-0"]
[WhiteElo "1278"]
[BlackElo "1100"]

1. d4 d5 2. e3 f6 3. Bb5+ c6 4. Ba4 e5 5. dxe5 Bb4+ 6. c3 Ba5 7. exf6 Nxf6 8.
Nf3 Bg4 9. h3 Bf5 10. Nbd2 b5 11. Bb3 c5 12. a4 Nc6 13. axb5 1-0

[Event "AUTO-INT-06"]
[Site "http://www.queenalice.com/game.php?id=10230"]
[Date "2005.4.19"]
[Round "1"]
[White "ryanwilson"]
[Black "PetterFrank"]
[Result "0-1"]
[WhiteElo "1399"]
[BlackElo "1284"]

1. e4 e5 2. Nf3 d6 3. d4 exd4 4. Nxd4 Nf6 5. Bd3 Bg4 6. f3 Bh5 7. Be3 c5 8. Nb5
a6 9. N5c3 Qd7 10. Nd2 Nc6 11. Qe2 a5 12. O-O-O Nb4 13. Bb5 Nc6 14. Nc4 Be7 15.
Bf4 O-O 16. Bxd6 Bxd6 17. Rxd6 Qc7 18. Rhd1 Rfd8 19. R1d3 Nb4 20. Rxd8+ Rxd8 21.
Rxd8+ Qxd8 22. a3 Na6 23. Bxa6 bxa6 24. Nd5 Nxd5 25. exd5 h6 26. Ne5 f6 27. g4
Be8 28. Nd3 Qxd5 29. Qxe8+ Kh7 30. Nf4 Qxf3 31. Qg6+ Kg8 32. Ne6 Qe3+ 33. Kb1
Qxe6 34. h4 Qf7 35. Qf5 g5 36. h5 a4 37. Qxc5 f5 38. Qxf5 Qxf5 39. gxf5 g4 40.
c4 g3 41. c5 g2 42. c6 g1=Q+ 43. Ka2 Qc5 44. b4 Qxc6 45. Kb2 Qf6+ 46. Ka2 Qxf5
47. b5 axb5 48. Kb2 Qxh5 49. Ka2 Qe2+ 50. Ka1 h5 51. Kb1 h4 0-1

[Event "AUTO-INT-06"]
[Site "http://www.queenalice.com/game.php?id=10231"]
[Date "2005.4.19"]
[Round "1"]
[White "PetterFrank"]
[Black "ryanwilson"]
[Result "0-1"]
[WhiteElo "1292"]
[BlackElo "1391"]

1. d4 d6 2. c3 Nf6 3. Qa4+ Bd7 4. Qb4 g6 5. Qxb7 Bc6 6. Qb4 Bg7 7. Nf3 Bxf3 8.
gxf3 O-O 9. Bh3 a5 10. Qc4 Nbd7 11. Na3 Re8 12. Nb5 Rc8 13. Na7 Nb6 14. Qb5 Rb8
15. Nc6 Nbd7 16. Qxa5 Qc8 17. Nxb8 Qxb8 18. Bxd7 Nxd7 19. Bf4 Qxb2 20. Rc1 e5
21. dxe5 dxe5 22. Be3 e4 23. fxe4 Rxe4 24. Qd5 Rxe3 25. fxe3 Qxc1+ 26. Kf2 Qxc3
27. Qxd7 Qf6+ 28. Ke1 Qa1+ 29. Kf2 Qxh1 30. Qd8+ Bf8 31. Qxc7 h5 32. a4 Qa8 33.
e4 Qxa4 34. Kf3 Qb3+ 35. Kf2 Qh3 36. Qb8 Kg7 37. e5 Qxh2+ 38. Ke3 Bc5+ 39. Kf3
Qf2+ 40. Ke4 f5+ 41. Kd5 Qd4+ 42. Ke6 Qc4+ 43. Kd7 Qf7+ 44. Kc6 Qc4 45. Qb7+ Kh6
46. Qb5 Qxb5+ 47. Kxb5 Ba3 48. e6 Kg7 49. Kc6 Kf6 50. Kd7 h4 51. e7 Bxe7 52. Ke8
h3 53. Kd7 h2 54. Ke8 h1=Q 55. Kd7 Qb7+ 56. Ke8 Qc8# 0-1

[Event "AUTO-INT-06"]
[Site "http://www.queenalice.com/game.php?id=10254"]
[Date "2005.4.19"]
[Round "1"]
[White "PetterFrank"]
[Black "millie"]
[Result "1-0"]
[WhiteElo "1293"]
[BlackElo "1287"]

1. e4 Nf6 2. d3 c6 3. Nf3 h6 4. Be3 g5 5. h3 e5 6. Nxe5 d6 7. Nf3 Nbd7 8. c3 c5
9. Qb3 a5 10. a4 b6 11. Na3 Ba6 12. Nb5 Nh5 13. Nxd6+ Bxd6 14. h4 g4 15. Rg1
gxf3 16. gxf3 Bh2 17. Rg2 Qc7 18. Bxh6 Rxh6 19. Rg5 Nf4 20. Rf5 Kd8 21. Qxf7 Kc8
22. h5 c4 23. Qg7 Rd6 24. h6 cxd3 25. Bxd3 Nxd3+ 26. Ke2 Nxb2+ 27. Ke1 Qxc3+ 28.
Qxc3+ Nc4 29. h7 Kc7 30. h8=Q Rxh8 31. Qxh8 Bg1 32. e5 Rd5 33. Rd1 Rc5 34. Qe8
Bc8 35. Rh5 Nb2 36. Rb1 Nd3+ 37. Kf1 Bxf2 38. e6 Nf6 39. Qf7+ Kb8 40. Rxb6+ Ka8
41. Rh8 Rc1+ 42. Ke2 Re1+ 43. Kxd3 Rd1+ 44. Ke2 Ra1 45. Rxc8# 1-0

[Event "AUTO-INT-06"]
[Site "http://www.queenalice.com/game.php?id=10255"]
[Date "2005.4.19"]
[Round "1"]
[White "millie"]
[Black "PetterFrank"]
[Result "0-1"]
[WhiteElo "1305"]
[BlackElo "1309"]

1. d4 d5 2. e3 e6 3. Bb5+ c6 4. Ba4 Bd6 5. f4 Bb4+ 6. c3 Ba5 7. b4 Bc7 8. Nf3
Qh4+ 9. g3 Qh3 10. Ng1 Qg2 11. Qf3 Qxf3 12. Nxf3 Na6 13. Ng5 h6 14. Nf3 Nf6 15.
h3 Nh5 16. g4 Ng3 17. Rg1 Ne4 18. Bb2 b5 19. Bc2 g6 20. Nh4 Rg8 21. Na3 g5 22.
Nf3 gxf4 23. Bc1 Nxc3 24. Bh7 Rg7 25. Bd3 Nxb4 26. Bf1 Nbxa2 27. Bd2 b4 28. Nc2
b3 29. Bd3 b2 30. Bxc3 bxa1=Q+ 31. Bxa1 Ba5+ 32. Ke2 fxe3 33. h4 Bc3 34. Ne5 h5
35. g5 f6 36. Nxc6 Kd7 37. Bb5 a6 38. Ba4 Bxa1 39. Rxa1 Nc3+ 40. Kxe3 Nxa4 41.
Rxa4 Kxc6 42. Nb4+ Kb5 43. gxf6 Rf7 44. Ra2 Kxb4 45. Rb2+ Ka5 46. Ra2+ Kb6 47.
Rb2+ Ka7 48. Rg2 Bb7 49. Rg5 Rh8 50. Kf4 Rxf6+ 51. Ke5 Rf5+ 52. Kxe6 Rxg5 53.
hxg5 Rg8 54. Kf6 h4 55. g6 h3 56. Kf7 Rb8 57. g7 h2 58. g8=Q Rxg8 59. Kxg8 h1=Q
60. Kf7 Qd1 61. Ke6 Qxd4 62. Kd6 Qc4 0-1

[Event "Challenge"]
[Site "http://www.queenalice.com/game.php?id=10306"]
[Date "2005.4.19"]
[Round "-"]
[White "EngEsp"]
[Black "PetterFrank"]
[Result "0-1"]
[WhiteElo "1139"]
[BlackElo "1193"]

1. e3 d5 2. Bb5+ c6 3. Ba4 Nf6 4. h4 h5 5. d3 Bg4 6. f3 e6 7. c3 b5 8. Qb3 a6 9.
fxg4 bxa4 10. Qxa4 Nxg4 11. Rh3 g5 12. Qd4 gxh4 13. Rg3 hxg3 14. Qxh8 h4 15. b3
h3 16. gxh3 Nh6 17. Ba3 Nd7 18. Nf3 Qb6 19. d4 g2 20. Kf2 Qb5 21. Nbd2 Qd3 22.
Rd1 Nf5 23. Ne5 Qxe3+ 24. Kxg2 Qg3+ 25. Kf1 Qxc3 26. Nxd7 Kxd7 27. Bxf8 Qxd4 28.
Qxd4 Nxd4 29. Bb4 Rh8 30. Nb1 Rxh3 31. Rxd4 Rh1+ 32. Ke2 Rxb1 33. Rf4 Rb2+ 34.
Bd2 Ke8 35. Ra4 c5 36. Ra5 c4 37. Rxa6 cxb3 38. Rb6 bxa2 39. Ra6 d4 40. Ra8+ Ke7
41. Kd1 e5 42. Kc1 Rb1+ 43. Kc2 a1=Q 44. Rxa1 Rxa1 45. Kb2 Ra8 46. Bb4+ Ke6 47.
Bc5 Kd5 0-1

[Event "Primeiro jogo"]
[Site "http://www.queenalice.com/game.php?id=10425"]
[Date "2005.4.20"]
[Round "-"]
[White "Adriano_Pereira"]
[Black "PetterFrank"]
[Result "0-1"]
[WhiteElo "1187"]
[BlackElo "1150"]

1. e4 d6 2. d4 e5 3. dxe5 dxe5 4. Qh5 g6 5. Qxe5+ Be6 6. Qxh8 Nf6 7. e5 Ne4 8.
Bh6 Ke7 9. Bxf8+ Qxf8 10. Qxh7 Nc6 11. Qh4+ Kd7 12. Qxe4 Qg7 13. Nf3 g5 14. h3
g4 15. hxg4 Bxg4 16. Rh7 Qg8 17. Rh4 Bxf3 18. gxf3 Qg6 19. e6+ Ke7 20. Rf4 Qxe4+
21. fxe4 Rd8 22. Nc3 Kxe6 23. Rd1 Nd4 24. Ne2 Nxc2# 0-1

[Event "Challenge"]
[Site "http://www.queenalice.com/game.php?id=12224"]
[Date "2005.5.7"]
[Round "-"]
[White "PetterFrank"]
[Black "altair"]
[Result "0-1"]
[WhiteElo "1280"]
[BlackElo "1789"]

1. d4 d5 2. c3 Nc6 3. Nf3 Bg4 4. h3 Bxf3 5. gxf3 h6 6. Rg1 Nf6 7. Na3 e6 8. b4
Bd6 9. b5 Na5 10. Rb1 e5 11. e3 O-O 12. Qd3 e4 13. fxe4 dxe4 14. Qc4 Nxc4 15.
Nxc4 Nd5 16. Bb2 f5 17. Rd1 Qh4 18. Rd2 f4 19. Rg4 Qf6 20. Re2 fxe3 21. fxe3
Qxf1+ 22. Kd2 Qxh3 23. Rxe4 Rae8 24. Ne5 Bxe5 25. dxe5 Qf1 26. c4 Nb4 27. a3 Nc2
28. e6 Rf2 29. Rxf2 Qxf2+ 30. Kd3 Rd8+ 31. Bd4 Qf3 32. e7 Qd1+ 33. Kc3 Re8 34.
Bxa7 Nxa3 35. Bc5 Qc2+ 36. Kd4 Qxc4+ 37. Ke5 Qxc5+ 38. Kf4 Rxe7 39. Ra4 Qxe3+
40. Kf5 Re5+ 41. Kg6 Qg5# 0-1

[Event "Let's Play Chess!"]
[Site "http://www.queenalice.com/game.php?id=12718"]
[Date "2005.5.12"]
[Round "-"]
[White "ghostpsychlops"]
[Black "PetterFrank"]
[Result "1-0"]
[WhiteElo "1632"]
[BlackElo "1278"]

1. e4 e5 2. f4 Nc6 3. Nf3 exf4 4. d4 Bb4+ 5. c3 Ba5 6. Nbd2 d6 7. Qa4 Nf6 8. d5
Bd7 9. dxc6 Bxc6 10. Qxa5 b6 11. Qg5 Rg8 12. Qxf4 Qe7 13. Bd3 h6 14. O-O Rh8 15.
e5 g5 16. Qxf6 Qxf6 17. exf6 Kd7 18. Nd4 h5 19. Nxc6 Kxc6 20. Rf5 Rhg8 21. Be4+
Kd7 22. Bxa8 Rxa8 23. Rxg5 Rh8 24. Nf3 Ke6 25. Be3 Kxf6 26. Bd4+ Ke7 27. Bxh8
Ke6 28. Rxh5 f6 29. Nd4+ Kf7 30. Rf1 c5 31. Rxf6+ Ke7 32. Nf5+ Kd7 33. Rxd6+ Kc7
34. Rh7+ 1-0